00328nam a22000977a 4500008004100000040005500041080002500096245003000121260006800151300001100219240912b |||||||| |||| 00| 0 eng d aNational Science LibrarycNational Science Library aR5/6(038)=850 bK2.1 aTechnicky naucny slovnik  aParha: bSlovenske Vydavatel'stvo technickej Literatury, c1963 a674p.